MARC details
| 000 -CABECERA |
| campo de control de longitud fija |
01502nam a2200277 a 4500 |
| 001 - NÚMERO DE CONTROL |
| campo de control |
000038719 |
| 003 - IDENTIFICADOR DEL NÚMERO DE CONTROL |
| campo de control |
DO-SdBNP |
| 005 - FECHA Y HORA DE LA ÚLTIMA TRANSACCIÓN |
| campo de control |
20260218082711.0 |
| 008 - DATOS DE LONGITUD FIJA--INFORMACIÓN GENERAL |
| campo de control de longitud fija |
110411s2001 dr 000 0 spa d |
| 040 ## - FUENTE DE LA CATALOGACIÓN |
| Centro catalogador/agencia de origen |
DO-SdBNP |
| Lengua de catalogación |
spa |
| Centro/agencia transcriptor |
DO-SdBNP |
| 082 #4 - NÚMERO DE LA CLASIFICACIÓN DECIMAL DEWEY |
| Número de clasificación |
343.0427293 |
| Número de documento/Ítem |
R426r 2000 |
| Número de edición |
22 |
| 110 2# - ENTRADA PRINCIPAL--NOMBRE DE ENTIDAD CORPORATIVA |
| Nombre de entidad corporativa o nombre de jurisdicción como elemento de entrada |
República Dominicana |
| 9 (RLIN) |
447 |
| 240 10 - TÍTULO UNIFORME |
| Título uniforme |
[Leyes, etc.] |
| 245 10 - MENCIÓN DE TÍTULO |
| Título |
Recopilación impositiva : |
| Resto del título |
Código tributario ley 11-92 (modificado por la ley reformas no.147-00 de diciembre del 2000 / |
| Mención de responsabilidad, etc. |
preparado bajo la supervisión de Remberto Diaz N. |
| 250 ## - MENCIÓN DE EDICIÓN |
| Mención de edición |
4a.ed. |
| 260 ## - PUBLICACIÓN, DISTRIBUCIÓN, ETC. |
| Lugar de publicación, distribución, etc. |
Santo Domingo : |
| Nombre del editor, distribuidor, etc. |
Metropolitana, |
| Fecha de publicación, distribución, etc. |
2001 |
| 300 ## - DESCRIPCIÓN FÍSICA |
| Extensión |
577 p. ; |
| Dimensiones |
25 cm. |
| 505 0# - NOTA DE CONTENIDO CON FORMATO |
| Título |
Normas generales, procedimientos y sanciones -- |
| -- |
Impuesto sobre la renta -- |
| -- |
Impuesto sobre transferencias de bienes industrializados y servicios -- |
| -- |
Impuesto selectivo al consumo -- |
| -- |
Reglamento para la aplicación de título II y III del código tributario de la República Dominicana -- De las deducciones -- Del impuesto sobre la transferencias de bienes industrializados y servicios (ITBIS). |
| -- |
Normas generales sobre cierre de establecimientos y/o suspensión de actividades. |
| -- |
|
| -- |
|
| 590 ## - NOTA LOCAL (RLIN) |
| Nota local |
Inventariado, /2020VM |
| 650 #0 - PUNTO DE ACCESO ADICIONAL DE MATERIA--TÉRMINO DE MATERIA |
| Término de materia o nombre geográfico como elemento de entrada |
Impuesto sobre la renta |
| Subdivisión general |
Ley y legislación |
| Subdivisión geográfica |
República Dominicana. |
| 9 (RLIN) |
14512 |
| 650 #0 - PUNTO DE ACCESO ADICIONAL DE MATERIA--TÉRMINO DE MATERIA |
| Término de materia o nombre geográfico como elemento de entrada |
Impuestos |
| Subdivisión geográfica |
República Dominicana |
| Fuente del encabezamiento o término |
LEMB |
| 9 (RLIN) |
8380 |
| 650 #7 - PUNTO DE ACCESO ADICIONAL DE MATERIA--TÉRMINO DE MATERIA |
| Término de materia o nombre geográfico como elemento de entrada |
Impuestos |
| Subdivisión general |
Administración y procesamiento |
| 9 (RLIN) |
14513 |
| 700 1# - PUNTO DE ACCESO ADICIONAL--NOMBRE DE PERSONA |
| Nombre de persona |
Díaz Núñez, Remberto |
| 9 (RLIN) |
14514 |
| 942 ## - ELEMENTOS DE PUNTO DE ACCESO ADICIONAL (KOHA) |
| Fuente del sistema de clasificación o colocación |
Dewey Decimal Classification |
| Tipo de ítem Koha |
Libro |
| 956 ## - LOCALIZACIÓN Y ACCESO ELECTRÓNICOS LOCAL (OCLC) |
| Nombre del host |
VMateo |